00982nam a2200241 a 450000100100000000500170001000800410002702000180006804000250008608200110011110000500012224501540017224600620032626000450038830000210043350000210045459000260047550400280050170000410052970000440057095201090061499900170072300004858420201002061245.0190401s2013 dr 000 0 spa d a9789945471557 aDO-SdBNPbspacBNPHU axxbxx1 aAmechazurra de Pellerano, Isabel Luisa97603310aIsabel Amechazurra de Pellerano :btextos reunidos /cIsabel Amechazurra de Pellerano ; editores Roque Diómedez Santos, Juan Ml. Pellerano Gómez.13aIsabel Amechazurra de Pellerano (Beliza):bobras reunidas aSanto Domingo :bAmigo del Hogar,c2013. a247 p. ;c24 cm. aIncluye índice aInventariado, 2019/VM aBibliografía : p. 2441 aDiómedez Santos, Roqueeed.9760341 aPellerano Gómez, Juan Ml.eed.911850 0010718PDaPDbPDcHDd2019-04-01iLF1l0oxx xxp48584-10r2020-06-25w2020-06-25yLFPDZNo se presta c48072d48072